| 000 | 00427nam a2200157Ia 4500 | ||
|---|---|---|---|
| 008 | 230312s9999||||xx |||||||||||||| ||und|| | ||
| 020 | _a0-07-062011-3 | ||
| 082 |
_a658.4 _bIVA-O |
||
| 100 | _aIvancevich,John.M | ||
| 245 | 0 | _aOrganizational Behavior and Management | |
| 260 |
_bTata McGraw hill _aindia _c2006 |
||
| 300 | _a718 | ||
| 546 | _aEng. | ||
| 650 |
_aManagement _vOrganizational Behavior anD Management |
||
| 942 | _cBK | ||
| 999 |
_c6507 _d6507 |
||